000 00604nam a2200181 i 4500
001 39126
003 ES-MaACL
005 20250522202342.0
007 t|
008 030227s1953 sp ||||1| spa d
100 1 _aCamps y Arboix, Joaquim de.
_934331
245 1 3 _aLa propiedad de la tierra y su función social /
_cJoaquím de Camps i Arboix ; prólogo de Ramón Mª Roca Sastre.
260 _aBarcelona :
_bBosch,
_c[1953] (
_fClarasó)
300 _a292 p. ;
_c23 cm.
700 1 _aRoca Sastre, Ramón María,
_d1899-1979
_998011
852 _aES-MaACL
_jD-9037
_bR.34228
999 _c39126
_d39126